2007 Worldwide leasing guidelines (Record no. 106848)

MARC details
000 -LEADER
fixed length control field 01233cad a22002055a 4500
001 - CONTROL NUMBER
control field L137608
008 - FIXED-LENGTH DATA ELEMENTS--GENERAL INFORMATION
fixed length control field 070418s2007 f 000 0 eng d
035 ## - SYSTEM CONTROL NUMBER
System control number (Sirsi) u137608
041 0# - LANGUAGE CODE
Language code of text/sound track or separate title eng
050 04 - LIBRARY OF CONGRESS CALL NUMBER
Classification number 346.4104343 $2 18
110 2# - MAIN ENTRY--CORPORATE NAME
Corporate name or jurisdiction name as entry element Colliers International
9 (RLIN) 5548
245 00 - TITLE STATEMENT
Title 2007 Worldwide leasing guidelines
Remainder of title a comprehensive review of real estate practices around the globe
Medium [electronic resource]
260 ## - PUBLICATION, DISTRIBUTION, ETC.
Place of publication, distribution, etc. [S.l.]
Name of publisher, distributor, etc. Colliers
Date of publication, distribution, etc. 2007
520 ## - SUMMARY, ETC.
Summary, etc. Gives information on current practice for a number of major countries currently active in this field. Covers questions on: the lease, including length, agreements, extensions and sub-leases; rental, including adjustments and methods of payments; facilities, including measurement of floor space and provision by the landlord before occupancy; costs, including key money, improvements and possible additional costs; and options, including short term possibilities and leasing by foreigners.
590 ## - LOCAL NOTE (RLIN)
Local note KA NTK
651 #4 - SUBJECT ADDED ENTRY--GEOGRAPHIC NAME
Geographic name International
690 ## - LOCAL SUBJECT ADDED ENTRY--TOPICAL TERM (OCLC, RLIN)
Topical term or geographic name as entry element PROPERTY-COMMERCIAL PROPERTY-COMMERCIAL LANDLORD AND TENANT
856 40 - ELECTRONIC LOCATION AND ACCESS
Uniform Resource Identifier <a href="https://www.colliers.com">https://www.colliers.com</a>
Public note View the item free of charge by searching on 'worldwide leasing guidelines' at www.colliers.com...
942 ## - ADDED ENTRY ELEMENTS (KOHA)
Suppress in OPAC 0
Holdings
Withdrawn status Lost status Source of classification or shelving scheme Damaged status Not for loan Home library Current library Shelving location Date acquired Total Checkouts Full call number Barcode Date last seen Copy number Price effective from Koha item type
    Dewey Decimal Classification     Virtual Virtual Online 18/04/2007   L137608 137608-2001 06/08/2019 1 06/08/2019 Book